Culture Générale - Série 261 - Statistiques

Statistiques générales
  • Ce quiz a été pris 359 fois
  • Le résultat moyen est 6 sur 10
Statistiques - réponses
Question Réponse % Correct
Lequel de nos cinq sens est affecté par les acouphènes ? L'ouïe
97%
Sur un terrain de football, quel joueur est identifié par un brassard ? Le capitaine
93%
Que signifie le A dans le sigle du diplôme CAP ? Aptitude
75%
Dans quelle ville andalouse traversée par le Guadalquivir peut-on visiter l'Alcazar ? Séville
73%
Quel roi de France était surnommé le Vert Galant ? Henri IV
58%
Quelle série télévisée a réuni Yasmine Bleeth, David Charvet et Carmen Electra ? Alerte à Malibu
48%
En 1994, quel acteur joue l'amant d'Antonio Banderas dans le film "Philadelphia" ? Tom Hanks
48%
Quel mot russe désigne des poupées emboîtées les unes dans les autres ? Matriochka
38%
Quelle chanteuse interprète "La Solitudine" en 1993 ? Laura Pausini
32%
Quel était le prénom du baron de Rothschild, époux de Nadine ? Edmond
23%
Aucun quiz correspondant
Distribution des résultats
% des personnes avec chaque résultat
Percentile par nombre de réponses
Votre historique - résultats
Vous n’avez pas pris ce quiz